TOOC Contestants - Statistics

General Stats
  • This quiz has been taken 16 times
    15 since last reset
  • The average score is 119 of 195
Answer Stats
Season Starting Team Contestant % Correct
Beginnings Irradiated Isotopes Astatine
100%
Switched Up Bright and Night Astatine
100%
Fans vs Favourites Favourites Astatine
100%
Two Worlds Daybreaker Astatine
100%
All Stars PINK Astatine
100%
Switched Up Flibbity Jibbity Jibber Jabbers 4-Ball
91%
Fans vs Favourites Favourites 4-Ball
91%
United We Stand Cosmic Anomalies Astaring
91%
Fans vs Favourites Fans B
91%
Fans vs Favourites Fans Choc Mint Ball
91%
All Stars Ravenous Sharks Choc Mint Ball
91%
Unknown Heights Dishwasher Purgatory Choc Mint Ball
91%
Beginnings Irradiated Isotopes Flag
91%
Rule of Threes Bowl of Winners Flag
91%
Switched Up Flibbity Jibbity Jibber Jabbers Flag
91%
Fans vs Favourites Favourites Flag
91%
United We Stand Cosmic Anomalies Flag
91%
Beginnings Bedazzling Badass Barracuda Bunch Leeky
91%
Rule of Threes Bowl of Winners Leeky
91%
Switched Up Flibbity Jibbity Jibber Jabbers Leeky
91%
Fans vs Favourites Favourites Leeky
91%
All Stars PINK Leeky
91%
Beginnings Irradiated Isotopes Love Letter
91%
Rule of Threes MEOW Love Letter
91%
Rule of Threes H MS Word
91%
Switched Up Flibbity Jibbity Jibber Jabbers MS Word
91%
Fans vs Favourites Favourites MS Word
91%
Two Worlds Swooping Avians MS Word
91%
All Stars Ravenous Sharks MS Word
91%
Unknown Heights Dishwasher Purgatory Pi Ball
91%
Switched Up Bright and Night Ping Pong Ball
91%
Fans vs Favourites Fans Ping Pong Ball
91%
Two Worlds TOOC Ping Pong Ball
91%
United We Stand Cosmic Anomalies Ping Pong Ball
91%
All Stars PINK Ping Pong Ball
91%
Beginnings Bedazzling Badass Barracuda Bunch Pizza Box
91%
Fans vs Favourites Favourites Pizza Box
91%
Two Worlds Swooping Avians Pizza Box
91%
All Stars PINK Pizza Box + Pizza
91%
Unknown Heights Scarlet Shadows Pizza Box + Pizza
91%
Beginnings Irradiated Isotopes Rainbutter
91%
Two Worlds Daybreaker Rainbutter
91%
Rule of Threes H Rydiak
91%
Switched Up Flibbity Jibbity Jibber Jabbers Rydiak
91%
Fans vs Favourites Fans Rydiak
91%
Switched Up Bright and Night Tornado
91%
Fans vs Favourites Fans Tornado
91%
Two Worlds TOOC Tornado
91%
United We Stand Cosmic Anomalies Tornado
91%
All Stars Ravenous Sharks Tornado
91%
Unknown Heights Solar Flares Tornado
91%
Switched Up Merge Banana Phone
82%
Two Worlds Swooping Avians Banana Phone
82%
United We Stand Cosmic Anomalies Berry
82%
Two Worlds TOOC Fox RIng
82%
All Stars PINK Fox Ring
82%
Rule of Threes MEOW Hate Letter
82%
Fans vs Favourites Favourites Hate Letter
82%
All Stars Ravenous Sharks Hate Letter
82%
Switched Up Bright and Night Lightning
82%
Two Worlds TOOC Lightning
82%
United We Stand Cosmic Anomalies Lightning
82%
All Stars Ravenous Sharks Lightning
82%
Beginnings Irradiated Isotopes Oxcart
82%
Fans vs Favourites Fans Real
82%
Two Worlds Swooping Avians Real
82%
United We Stand Cosmic Anomalies Real
82%
All Stars Ravenous Sharks Real
82%
Unknown Heights Viridescendants Real
82%
Two Worlds Swooping Avians Unpleasant Gradient
82%
Unknown Heights Solar Flares Unpleasant Gradient
82%
Two Worlds Daybreaker Bob
73%
Rule of Threes H Cloky
73%
New Age Purple Nurples Creste
73%
All Stars Ravenous Sharks Creste
73%
Unknown Heights Solar Flares Creste
73%
Rule of Threes H Cup
73%
Switched Up Flibbity Jibbity Jibber Jabbers Cup
73%
Fans vs Favourites Favourites Cup
73%
All Stars PINK Cup
73%
Fans vs Favourites Fans Gamon
73%
Two Worlds Swooping Avians Gamon
73%
Beginnings Irradiated Isotopes Grapey
73%
Rule of Threes Bowl of Winners Lufthansa Airplane
73%
New Age Greenish Goobers Maroon Ball
73%
All Stars PINK Maroon Ball
73%
Unknown Heights Scarlet Shadows Maroon Ball
73%
Rule of Threes MEOW Milky
73%
Beginnings Bedazzling Badass Barracuda Bunch Phantom
73%
United We Stand Cosmic Anomalies Radio
73%
All Stars PINK Radio
73%
Unknown Heights Dishwasher Purgatory Radio
73%
New Age Greenish Goobers Robot Correctivy
73%
All Stars PINK Robot Correctivy
73%
Switched Up Bright and Night Surge Protector
73%
Fans vs Favourites Favourites Surge Protector
73%
Rule of Threes MEOW Sword
73%
Switched Up Flibbity Jibbity Jibber Jabbers Sword
73%
Fans vs Favourites Favourites Sword
73%
Beginnings Bedazzling Badass Barracuda Bunch Torch
73%
Two Worlds Daybreaker Guitar
64%
Beginnings Bedazzling Badass Barracuda Bunch Lego
64%
United We Stand Cosmic Anomalies Lenny
64%
Two Worlds Daybreaker Maximato
64%
United We Stand Cosmic Anomalies Maximato
64%
All Stars PINK Maximato
64%
Fans vs Favourites Fans Potion
64%
Fans vs Favourites Fans Witch Hat
64%
Two Worlds Swooping Avians Bally
55%
Rule of Threes H Bowtie
55%
Switched Up Flibbity Jibbity Jibber Jabbers Bowtie
55%
Switched Up Flibbity Jibbity Jibber Jabbers Cancer
55%
Rule of Threes Bowl of Winners Cheez-It
55%
Fans vs Favourites Fans Ciry
55%
United We Stand Cosmic Anomalies Domino
55%
New Age Purple Nurples Dynamite
55%
All Stars Ravenous Sharks Dynamite
55%
Unknown Heights Scarlet Shadows Dynamite
55%
Beginnings Bedazzling Badass Barracuda Bunch Feather
55%
Two Worlds Daybreaker Funni Hat
55%
Fans vs Favourites Fans KP
55%
Switched Up Bright and Night Marimba
55%
Fans vs Favourites Favourites Marimba
55%
Beginnings Bedazzling Badass Barracuda Bunch Red Velvet Cake
55%
Switched Up Bright and Night Red Velvet Cake
55%
Two Worlds Daybreaker Stop Sign
55%
Beginnings Irradiated Isotopes Tillandsia
55%
United We Stand Cosmic Anomalies Timbit
55%
Two Worlds TOOC Acid Firey
45%
Unknown Heights Scarlet Shadows Amethyst
45%
United We Stand Cosmic Anomalies Arcade Machine
45%
Fans vs Favourites Obsidian Axe
45%
Two Worlds Daybreaker Breadloaf
45%
United We Stand Cosmic Anomalies Breadloaf
45%
Two Worlds TOOC Chonete
45%
Two Worlds TOOC Cubey
45%
Two Worlds Swooping Avians Emo Book
45%
Unknown Heights Solar Flares Emo Book
45%
Switched Up Bright and Night Eyeball
45%
New Age Purple Nurples Muon
45%
New Age Purple Nurples Polar Bear Waffle
45%
Rule of Threes Bowl of Winners Soda
45%
Switched Up Flibbity Jibbity Jibber Jabbers Soda
45%
New Age Greenish Goobers Spring
45%
All Stars Ravenous Sharks Spring
45%
Unknown Heights Viridescendants Spring
45%
Unknown Heights Solar Flares 100-Ball
36%
Unknown Heights Solar Flares Butter Box
36%
Unknown Heights Dishwasher Purgatory Chilipepper
36%
New Age Purple Nurples Clover
36%
New Age Greenish Goobers Cookie
36%
Unknown Heights Solar Flares Cookie
36%
Switched Up Flibbity Jibbity Jibber Jabbers Greece
36%
Unknown Heights Scarlet Shadows Magnetic Tape
36%
Unknown Heights Dishwasher Purgatory Netherite Swordy
36%
United We Stand Cosmic Anomalies Notepad
36%
Unknown Heights Viridescendants Phi
36%
Fans vs Favourites Fans Phon Charger
36%
Unknown Heights Viridescendants Phon Charger
36%
Unknown Heights Scarlet Shadows Playbutton
36%
Unknown Heights Viridescendants Star Firey
36%
Switched Up Bright and Night Strawberry Shortkitty
36%
Unknown Heights Viridescendants Wrecking Ball
36%
Switched Up Bright and Night X
36%
Unknown Heights Scarlet Shadows Anatomy
27%
Unknown Heights Solar Flares Firework
27%
Fans vs Favourites Fans Lilypad
27%
Rule of Threes MEOW Orchid Pot
27%
Two Worlds TOOC Oreo Book
27%
New Age Greenish Goobers Sleeping Cap
27%
United We Stand Cosmic Anomalies Stiletto Knife
27%
Switched Up Bright and Night Windows Whistler
27%
Unknown Heights Viridescendants Atabrine
18%
United We Stand Cosmic Anomalies Bebprman
18%
Fans vs Favourites Fans Excel
18%
Unknown Heights Viridescendants GUM
18%
New Age Greenish Goobers Mow
18%
Unknown Heights Dishwasher Purgatory Polar Bear Waffle
18%
All Stars Ravenous Sharks Stiletto Knife
18%
Unknown Heights Scarlet Shadows Teacup
18%
New Age Greenish Goobers Ash
9%
New Age Greenish Goobers Bishop
9%
New Age Greenish Goobers Bitmark
9%
United We Stand Cosmic Anomalies Etch-a-Sketch
9%
New Age Purple Nurples Grass
9%
Unknown Heights Dishwasher Purgatory Hot Sauce
9%
New Age Titanium 10 Jackal
9%
New Age Purple Nurples Beehive
0%
New Age Purple Nurples Cheeseball
0%
New Age Purple Nurples Cotton Candy
0%
New Age Purple Nurples D10
0%
New Age Greenish Goobers Icy
0%
Unknown Heights Dishwasher Purgatory Icy
0%
New Age Purple Nurples Idiot
0%
New Age Greenish Goobers Star Angel
0%
No matching quizzes found
Score Distribution
Percent of People with Each Score
Percentile by Number Answered
Your Score History
You have not taken this quiz since the last reset